| 000 | 01788nam a2200337 i 4500 | ||
|---|---|---|---|
| 001 | 000046330 | ||
| 003 | DO-SdBPM | ||
| 005 | 20260320123951.0 | ||
| 007 | ta | ||
| 008 | 150723s2014 dr 000 0 spa d | ||
| 040 |
_aDO-SdBPM _bspa _cBPMSU _erda _d |
||
| 082 | 0 | 4 |
_a362.8292 _bR426L 2017 _222 |
| 110 | 1 |
_aRepública Dominicana. _bMinisterio de la Mujer |
|
| 240 | 1 | 0 | _a[Leyes. etc.] |
| 245 | 1 | 0 |
_aLey 88-03 : _bpromulgada el 1o. de mayo de 2003, que instituye las Casas de Acogida o Refugios / _cpresentación Alejandrina Germán. |
| 246 | 1 | 0 |
_aLey 88-03 que instituye las casas de acogida o refugios : _bmanual de uso y reglamento de aplicación y funcionamiento. |
| 264 | 1 |
_aSanto Domingo : _bMinisterio de la Mujer, _c2017 |
|
| 300 |
_a63 páginas ; _c21 cm. |
||
| 336 |
_atexto _btxt _2rdacontent |
||
| 337 |
_asin mediación _bn _2rdamedia |
||
| 338 |
_avolumen _bnc _2rdacarrier |
||
| 505 | 0 |
_aPresentación, 1.-- Ley 88-03, 3.-- Considerandos, 5.-- Ha dado la siguiente ley, 7.-- Decreto No. 1467-04, 11.-- Reglamento de funcionamiento para la aplicación de la Ley 88-03, 29.-- Generalidades y definiciones operativas. Secciones 1 a 5, 42-45.-- De la organización y administración. Secciones 1 a 6, 46-55.-- De la organización de la atención. Secciones 1 a 4, 56-61.-- Del funcionamiento. Secciones 1 a 5, 62-65.-- De las sanciones, 66. _t _t |
|
| 590 | _aInventariado, 2026/VM | ||
| 650 | 7 |
_aViolencia familiar _x Leyes, decretos, reglamentos, etc |
|
| 650 | 7 |
_aViolencia familiar _x Legislación _zRepública Dominicana |
|
| 650 | 7 |
_aMujeres maltratadas _xPrevención _zRepública Dominicana |
|
| 651 | 7 |
_aRepública Dominicana _x Ley 88-03 |
|
| 700 | 1 |
_aGermán, Alejandrina, _epresentación |
|
| 910 | _aVMateo V. Control de calidad. BPMSU | ||
| 942 |
_2ddc _cBK |
||
| 999 |
_c15754 _d15754 |
||